书目信息 |
| 题名: |
地震观测技术
|
|
| 作者: | 熊仲华 主编 | |
| 分册: | ||
| 出版信息: | 北京 地震出版社 2006 |
|
| 页数: | 564页 | |
| 开本: | 26cm | |
| 丛书名: | ||
| 单 册: | ||
| 中图分类: | P315.61 | |
| 科图分类: | ||
| 主题词: | 地震观测--高等教育--教材 | |
| 电子资源: | ||
| ISBN: | 7-5028-2829-X | |
| 000 | 00853nam0 2200229 450 | |
| 001 | 1558515556 | |
| 005 | 20150119161535.85 | |
| 010 | @a7-5028-2829-X@dCNY65.00 | |
| 100 | @a20060529d2006 em y0chiy50 ea | |
| 101 | 0 | @achi |
| 102 | @aCN@b110000 | |
| 105 | @aab z 000yy | |
| 200 | 1 | @a地震观测技术@9di zhen guan ce ji shu@f熊仲华主编 |
| 210 | @a北京@c地震出版社@d2006 | |
| 215 | @a564页@c图,地图@d26cm | |
| 300 | @a普通高等教育“十五”国家级规划教材 | |
| 330 | @a本书包括测震技术和地震前兆观测技术两篇。第一篇有3个专题,介绍地震观测的基本理论、仪器和方法;第二篇有15个专题,介绍了地震地电观测、电磁扰动观测、地震地磁相对观测、地震地磁绝对观测等技术的基本理论、仪器和方法。 | |
| 606 | 0 | @a地震观测@x高等教育@j教材 |
| 690 | @aP315.61@v5 | |
| 701 | 0 | @a熊仲华@9xiong zhong hua@4主编 |
| 801 | 0 | @aCN@bTSSF@c20150119 |
| 905 | @aZUCC@dP315.61@eJY53 | |
| 地震观测技术/熊仲华主编.-北京:地震出版社,2006 |
| 564页:图,地图;26cm |
| 普通高等教育“十五”国家级规划教材 |
| ISBN 7-5028-2829-X:CNY65.00 |
| 本书包括测震技术和地震前兆观测技术两篇。第一篇有3个专题,介绍地震观测的基本理论、仪器和方法;第二篇有15个专题,介绍了地震地电观测、电磁扰动观测、地震地磁相对观测、地震地磁绝对观测等技术的基本理论、仪器和方法。 |
| ● |
| 相关链接 |
|
|
|
|
正题名:地震观测技术
索取号:P315.61/JY53
 
预约/预借
| 序号 | 登录号 | 条形码 | 馆藏地/架位号 | 状态 | 备注 |
| 1 | 7847454 | 278474544 | 学院路分馆/ [索取号:P315.61/JY53] | 在馆 | |
| 2 | 7847455 | 278474553 | 学院路分馆/ [索取号:P315.61/JY53] | 在馆 |